[Event "MEX-ch U26"]
[Site "Puebla"]
[Date "2014.04.28"]
[Round "1.7"]
[White "Gonzalez Chavez, Emmanuel"]
[Black "Felix Morales, Ramon Leoba"]
[Result "1-0"]
[WhiteElo "2151"]
[BlackElo "1568"]
[PlyCount "57"]
[EventDate "2014.04.28"]
[EventType "swiss"]
[EventRounds "6"]
[EventCountry "MEX"]
[SourceTitle "CBM 160 Extra"]
[Source "ChessBase"]
[SourceDate "2014.07.01"]
[SourceVersion "1"]
[SourceVersionDate "2014.07.01"]
[SourceQuality "1"]

1. e4 c5 2. Nf3 d6 3. d4 cxd4 4. Nxd4 Nf6 5. Nc3 a6 6. f4 Qc7 7. Bd3 Nc6 8. Nf3 e6 9. 0-0 Be7 10. Qe1 0-0 11. Qg3 Re8 12. Kh1 g6 13. f5 Nh5 14. Qh3 Nb4 15. g4 Ng7 16. Ng5 Bxg5 17. Bxg5 exf5 18. gxf5 Re5 19. Bf6 Nxd3 20. cxd3 Rc5 21. Bxg7 Kxg7 22. f6+ Kf8 23. Qxh7 Rh5 24. Qg7+ Ke8 25. Qg8+ Kd7 26. Nd5 Rxh2+ 27. Kxh2 Qc2+ 28. Kh1 Ke6 29. Qe8# 1-0